Weight perception discrepancy among ethnically diverse youth /

Bibliographic Details
Main Author: Cromwell, Kate Duncan
Other Authors: Witt, Peter A (Thesis advisor)
Format: Thesis eBook
Language:English
Published: [College Station, Tex.] : [Texas A&M University], [2012]
Subjects:
Online Access:Link to OAK Trust copy

MARC

Tag First Indicator Second Indicator Subfields
LEADER 00000cam a2200000Ka 4500
001 in00002781470
005 20150922140154.0
006 m fo d
007 cr unu||||||||
008 121108s2012 txu obm 000 0 eng d
035 |a (OCoLC)ocn816518760 
035 |a (OCoLC)816518760 
035 |a (TxCM)http://hdl.handle.net/1969.1/ETD-TAMU-2011-08-9869 
040 |a TXA  |c TXA  |d UtOrBLW 
049 |a TXAM 
099 |a 2011  |a Thesis  |a 1969.1/ETD-TAMU-2011-08-9869 
100 1 |a Cromwell, Kate Duncan. 
245 1 0 |a Weight perception discrepancy among ethnically diverse youth /  |c by Kate Duncan Cromwell. 
264 1 |a [College Station, Tex.] :  |b [Texas A&M University],  |c [2012] 
300 |a 1 online resource 
336 |a text  |b txt  |2 rdacontent 
337 |a computer  |b c  |2 rdamedia 
338 |a online resource  |b cr  |2 rdacarrier 
500 |a "Major Subject: Recreation, Park, and Tourism Sciences" 
588 |a Description from author supplied metadata (automated record created 2012-10-22 13:24:58). 
502 |b Master of Science  |c Texas A&M University  |d 2011  |o http://hdl.handle.net/1969.1/ETD-TAMU-2011-08-9869 
504 |a Includes bibliographical references. 
516 |a Text (Thesis) 
520 3 |a Weight perception discrepancy, the difference between a person's medically classified weight status and their weight status as classified by their body mass index, is a growing problem. Such misperceptions of weight may be a barrier to treatment for weight-related health conditions. Youth who are overweight, but do not feel they are, may be less likely to initiate treatment which places them at a higher risk for many obesity related health conditions. Similarly, youth who are underweight, but do not feel they are, may be at risk for negative health conditions. Social Comparison Theory may provide a tool for evaluating identified discrepancies. Given that minorities have higher obesity rates, it is hypothesized that weight perception discrepancy is higher among these groups as the comparison is with a heavier than normal peers it may be skewed. This study used the Center for Disease Control's Youth Risk Behavior Surveillance System from 2009 to evaluate weight perception discrepancy among Caucasian, African American and Latino youth. Multinomial logistic regression was used to evaluate discrepancies between these groups. Findings indicated that weight perception discrepancy varied by both gender and ethnicity. Females were more likely to over-estimate their weight category and Latino and African American males were more likely to under-estimate their weight category. Caucasian males were used as the comparison group for all estimations. Social Comparison Theory may provide a plausible explanation for the weight perception discrepancy differences identified for both minorities and females. 
500 |a Electronic resource. 
650 4 |a Major Recreation, Park, and Tourism Sciences. 
653 |a Diversity 
653 |a Body image 
653 |a Weight Perception 
653 |a Obesity 
700 1 |a Witt, Peter A,  |e thesis advisor. 
856 4 0 |u http://hdl.handle.net/1969.1/ETD-TAMU-2011-08-9869  |z Link to OAK Trust copy  |t 0 
994 |a C0  |b TXA 
948 |a cataloged  |b h  |c 2012/11/8  |d o  |e jlanham  |f 2:31:08 pm 
999 |a MARS 
999 f f |s b31b56f3-b2f7-3c2e-90dd-c65b2a2a6b14  |i 57acdc85-4d27-3392-a463-f7f5bc967cb2  |t 0 
952 f f |a Texas A&M University  |b College Station  |c Electronic Resources  |d Available Online  |t 0  |e 2011 Thesis 1969.1/ETD-TAMU-2011-08-9869  |h Other scheme 
998 f f |a 2011 Thesis 1969.1/ETD-TAMU-2011-08-9869  |t 0  |l Available Online